Responses for show #3464 - Thursday, September 30, 1999

Steve Fried game 4.

Contestants

Gerardo Gutierrez, a judicial assistant from Los Angeles, California

Laura Jansen, a graduate student from Montgomery, Alabama

Steve Fried, an airline and cruise scheduler from Phoenix, Arizona (whose 3-day cash winnings total $25,400)

Jeopardy! Round responses

THE OLD TESTAMENT
NEXT IN LINE, PLEASE
LEFTOVERS
THEATRE
ELEVATOR RIDE
"MIS" QUOTES
    $100 8
David

Steve
    $100 7
NC-17

Gerardo
    $100 25
(G: What are CNN & TNN?)
(S: What are TNN & TNT?)
(Alex: Ted Turner did not found The Nashville Network)

CNN & TNT

SteveLauraGerardo
    $100 1
Japan

Steve
    $100 14
"I Just Called to Say I Love You"

Gerardo
    $100 5
Misery

Steve
    $200 15
Sodom & Gomorrah

Laura
    $200 9
Numbers

Laura
    $200 2
Mary Martin

Steve
    $200 19
"Hurts So Bad"

Steve
    $200 10
Misdemeanors

Steve
    $300 21
Jericho

Steve
    $300 16
Omega

Laura
    $300 3
Chicago

Steve
    $300 20
"Love Potion No. 9"

Gerardo
    $300 11
Misty

Steve
    $400 23
(less than a minute to go...)

Red Sea

Laura
    $800 17
John Quincy Adams

Laura
    $400 4
(S: What is "Oklahoma!?")

"Carousel"

SteveLaura
    $400 22
"Lady In Red"

Gerardo
    $400 12
Missouri

Steve
    $500 18
Uranus

Laura
    $500 26
(G: What is Swahili?)
(buzzer sounds)

Portuguese

Gerardo
Triple Stumper
    $500 6
"Miss Saigon"

Steve
    $500 24
"On A Clear Day You Can See Forever"

Steve
    $500 13
Mistake

Triple Stumper

Scores at the first commercial break (after clue 15):

Steve Laura Gerardo
$1,800 $800 $200

Scores at the end of the Jeopardy! Round:

Steve Laura Gerardo
$2,700 $2,900 $300

Double Jeopardy! Round responses

SEPTEMBER 30
NATIONAL PARKS
KHAN GAMES
ROLE PLAYING
SOCIOLOGY
13-LETTER WORDS
(Alex: Don't be intimidated by that category!)
    $200 1
James Dean

Steve
    $200 8
Painted Desert

Steve
    $200 21
Genghis Khan

Steve
    $200 2
(Clue #86,000 - February 19, 2007)

Tom Cruise

Laura
    $200 23
Family

Steve
    $200 13
Acupuncturist

Steve
    $400 7
Fiscal year

Steve
    $400 9
Death Valley

Steve
    $400 22
Islam

Gerardo
    $400 3
Woody Allen

Steve
    $400 24
Economics

Steve
    $400 14
Biodegradable

Steve
    $600 16
(G: What is the University of Arkansas at Little Rock?)
(L: What is the University of Alabama?)
(S: What is Tuskegee Institute?)

University of Mississippi

SteveLauraGerardo
Triple Stumper
    $600 10
Maine

Steve
    $3,000 29
Kublai Khan

Steve
    $600 4
Geena Davis & Susan Sarandon

Steve
    $600 25
(with less than a minute to go...)

Voodoo

Triple Stumper
    $600 15
Transatlantic

Laura
    $800 17
"Porgy and Bess"

Laura
    $800 11
Dry Tortugas

Steve
    $800 30
Ulan Bator

Gerardo
    $800 5
Kathy Bates

Laura
    $800 26
Second world

Gerardo
    $700 19
(Alex: Also known as "The Metamorphosis", but we're not penalizing you)

"Metamorphosis"

Laura
    $1000 18
(G: Who is Faulkner?)

Truman Capote

LauraGerardo
    $1000 12
(Alex: Steve, well done! Have you been to all these parks?)

Denali

Steve
    $1000 28
Kiev

Steve
    $1000 6
(S: Who is Jane Fonda?)

Donald Sutherland

SteveGerardo
    $1000 27
Lingua Franca

Triple Stumper
    $1000 20
(L: What is a trapezoid?)

Quadrilateral or parallelogram

SteveLaura

Scores at the end of the Double Jeopardy! Round:

Steve Laura Gerardo
$12,100 $5,400 $1,700
(lock game)

[wagering suggestions for these scores]

Final Jeopardy! Round responses

CURRENT POLITICIANS
(Alex: Formerly of the Seattle Seahawks.)
GerardoWho is Bradley
$1,600
LauraWho is Fred Thompson?
$1,500
SteveWho is Fred Thompson?
$1,200
Steve Largent

Final scores:

Steve Laura Gerardo
$10,900 $3,900 $100
4-day champion: $36,300 2nd place: Hewlett-Packard HP Pavilion Multimedia Desktop PC & Broyhill Computer Home Office Cabinet 3rd place: 1-800-Gift-Certificate

Game dynamics:

Coryat scores:

Steve Laura Gerardo
$9,700 $5,100 $1,700
29 R
(including 1 DD),
4 W
14 R
(including 2 DDs),
2 W
8 R,
4 W

Combined Coryat: $16,500

The J! Archive is created by fans, for fans. The Jeopardy! game show and all elements thereof, including but not limited to copyright and trademark thereto, are the property of Jeopardy Productions, Inc. and are protected under law. This website is not affiliated with, sponsored by, or operated by Jeopardy Productions, Inc. Join the discussion at JBoard.tv.